00601nam a22002057a 450000500170000001000130001702000220003003500130005203700160006504000120008108200130009310000190010624500800012526000500020527000190025530000280027450000200030265000520032270000210037420170124110206.0 aB-122103 c00.00a1842364170 aB-122103 bCen Lib/Ret aDPLbEN a030bPAR aParker, Steve  aQuestions and answers encyclopedia /cby Steve Parker [and] Brian Williams  aGreat BarfieldbMiles kelly publishing c2004 bGreat Barfield a256p. :c27cm(Hb)bill. aIncludes index  aChildren's questions and answersvEncyclopeadia aWilliams, Brian